header

Rude awakenings (Record no. 170299)

MARC details
000 -LEADER
fixed length control field 01302nam a2200325 a 4500
100 1# - MAIN ENTRY--AUTHOR NAME
Personal name Sicherman, Carol.
245 10 - TITLE STATEMENT
Title Rude awakenings
260 ## - PUBLICATION, DISTRIBUTION, ETC. (IMPRINT)
Place of publication Washington, D.C. :
Name of publisher New Academia Pub./SCARITH Books,
Year of publication 2012.
300 ## - PHYSICAL DESCRIPTION
Number of Pages xiv, 381 p. :
Other physical details ill.
650 #0 - SUBJECT ADDED ENTRY--TOPICAL TERM
Topical Term National socialism.
Topical Term Communism.
Topical Term World politics.
Topical Term Intellectual life
856 40 - ELECTRONIC LOCATION AND ACCESS
Uniform Resource Identifier http://site.ebrary.com/lib/rucke/Doc?id=10661466

No items available.

© 2026 Rongo University
Contact us: librarian | system librarian | Rongo university